Indian dairy industry : (Record no. 157348)

MARC details
000 -LEADER
fixed length control field 00745nam a22002177a 4500
003 - CONTROL NUMBER IDENTIFIER
control field dpl
005 - DATE AND TIME OF LATEST TRANSACTION
control field 20180911145727.0
008 - FIXED-LENGTH DATA ELEMENTS--GENERAL INFORMATION
fixed length control field 180911b xxu||||| |||| 00| 0 eng d
010 ## - LIBRARY OF CONGRESS CONTROL NUMBER
LC control number B-228233
035 ## - SYSTEM CONTROL NUMBER
System control number B-228233
040 ## - CATALOGING SOURCE
Original cataloging agency DPL
Language of cataloging EN
Transcribing agency 0
082 ## - DEWEY DECIMAL CLASSIFICATION NUMBER
Classification number 636.21420954
Item number IND
245 ## - TITLE STATEMENT
Title Indian dairy industry :
Remainder of title annual diary resource book /
Statement of responsibility, etc ed by G.C Chakraborty: graphics by Deepti Sharma [and] Neelima Augustine
260 ## - PUBLICATION, DISTRIBUTION, ETC. (IMPRINT)
Place of publication, distribution, etc Delhi
Name of publisher, distributor, etc Chawla dairy information centre pvt ltd
Date of publication, distribution, etc 2005
270 ## - ADDRESS
Address 202, gupta arcade, shrestha vihar market
City Delhi
Postal code 110092
300 ## - PHYSICAL DESCRIPTION
Extent 335p.:
Dimensions 22cm
700 ## - ADDED ENTRY--PERSONAL NAME
Personal name Chakroborty, G.C.
700 ## - ADDED ENTRY--PERSONAL NAME
Personal name Sharma, Deepti
700 ## - ADDED ENTRY--PERSONAL NAME
Personal name Augustine, Neelima
942 ## - ADDED ENTRY ELEMENTS (KOHA)
Source of classification or shelving scheme Dewey Decimal Classification
Koha item type English Books
Classification part 636.21420954
Call number suffix IND
Holdings
Withdrawn status Lost status Source of classification or shelving scheme Damaged status Not for loan Collection code Home library Current library Date acquired Source of acquisition Cost, normal purchase price Total Checkouts Full call number Barcode Date last seen Cost, replacement price Price effective from Koha item type
    Dewey Decimal Classification     Non-fiction Patel Nagar Patel Nagar 11/09/2018 BPPD/PUB 600.00   636.21420954 IND B-228233 11/09/2018 600.00 11/09/2018 English Books

© Delhi Public Library
Hit Counter
free hit counter